000 00481cam a2200169ua 4500
003 OSt
008 240223b |||||||| |||| 00| 0 eng d
020 _a81 205 0044 x
041 _aeng
082 _a631.3
_bKAR/TE
100 _aKardashevski, S V .
_96107
245 _aTesting of agricultural technological processes: A systems approach /
260 _aNew Delhi :
_bOxonian Press Pvt Ltd ,
_c1986.
300 _a209 ; .
700 1 _aPogordyi, .
_96108
942 _cBK
999 _c10021
_d10021